Quick Pick: Grammy Songs Quiz Stats

Quiz Updated Sep 7, 2017

Challenge
Share
Tweet
Embed
Score 0/10 Timer 01:00
0 Plays Today
% Correct
Single Ladies (Put a Ring on It)
94.4%
My Heart Will Go On
93.8%
What's Love Got to Do with It
87%
Bridge Over Troubled Water
86.2%
Streets of Philadelphia
83.5%
Fallin'
83%
Don't Worry, Be Happy
81.5%
Just the Way You Are
72.8%
Michelle
72.1%
Hello, Dolly!
71.1%

Today's Daily Dose

You're not logged in!

Compare scores with friends on all Sporcle quizzes.
Sign Up with Email
OR
Log In

You Might Also Like...

Show Comments

Extras

Top Quizzes Today


Score Distribution

Your Account Isn't Verified!

In order to create a playlist on Sporcle, you need to verify the email address you used during registration. Go to your Sporcle Settings to finish the process.